Catálogo
 En Linea

Las raíces de la ira / (Registro nro. 8558)

Detalles MARC
000 -CABECERA
campo de control de longitud fija 00997cam a2200193 a 4500
001 - NÚMERO DE CONTROL
campo de control 000008789
005 - FECHA Y HORA DE LA ÚLTIMA TRANSACCIÓN
campo de control 20200929161417.0
008 - DATOS DE LONGITUD FIJA--INFORMACIÓN GENERAL
campo de control de longitud fija 760429s1975 cu 000 f spa
040 ## - FUENTE DE LA CATALOGACIÓN
Centro catalogador/agencia de origen DO-SdBNP
Centro/agencia transcriptor DLC
Centro/agencia modificador DLC
082 ## - NÚMERO DE LA CLASIFICACIÓN DECIMAL DEWEY
Número de clasificación C863.44
Número de documento/Ítem B326r
100 1# - ENTRADA PRINCIPAL--NOMBRE DE PERSONA
Nombre de persona Bastidas Padilla, Carlos.
9 (RLIN) 23333
245 14 - MENCIÓN DE TÍTULO
Título Las raíces de la ira /
Mención de responsabilidad, etc. Carlos Bastidas Padilla.
260 ## - PUBLICACIÓN, DISTRIBUCIÓN, ETC.
Lugar de publicación, distribución, etc. La Habana :
Nombre del editor, distribuidor, etc. Casa de las Américas,
Fecha de publicación, distribución, etc. 1975.
300 ## - DESCRIPCIÓN FÍSICA
Extensión 124 p. ;
Dimensiones 20 cm.
505 0# - NOTA DE CONTENIDO CON FORMATO
Nota de contenido con formato Estado de sitio -- Superstición -- Un hombre muerto a golpes -- El miedo -- La mina -- Ley de fuga -- En la noche una sombra -- Un domingo de elecciones -- La tentación del mar -- En el puerto no ha pasado nada -- El sueño -- Desertor -- Azul y rojo -- La mascarada -- Lo que es de Dios -- El condenado -- Estas tierras -- El espectro -- Un ataud para Gertrudis -- Un tal -- El Santo -- Los perros rabiosos.
650 #4 - PUNTO DE ACCESO ADICIONAL DE MATERIA--TÉRMINO DE MATERIA
Término de materia o nombre geográfico como elemento de entrada Novela colombiana
9 (RLIN) 1243
650 #4 - PUNTO DE ACCESO ADICIONAL DE MATERIA--TÉRMINO DE MATERIA
Término de materia o nombre geográfico como elemento de entrada Literatura colombiana
Subdivisión cronológica SIGLO XX
9 (RLIN) 14409
910 ## - DATOS DE OPCIÓN DEL USUARIO (OCLC)
Datos de opción del usuario Catalogación por copia / LC
Existencias
Estado de retiro Estado de pérdida Restricciones de uso No para préstamo Código de colección Localización permanente Ubicación/localización actual Ubicación en estantería Fecha de adquisición Número de inventario Total de préstamos Signatura topográfica completa Código de barras Fecha visto por última vez Precio válido a partir de Tipo de ítem Koha
    Préstamo interno   Monografías: Libros y Folletos General General En catalogación 18.09.2009 LF1   C863.44 B326r 8789-10 25.06.2020 25.06.2020 Préstamo interno

Con tecnología Koha